[Event "Hull-ch1"]
[Site "Hull CAN"]
[Date "2001.03.06"]
[Round "1"]
[White "Gagnon, Fabien"]
[Black "Arsenault, Michel"]
[Result "1/2-1/2"]
[WhiteElo "2086"]
[BlackElo "2055"]
[PlyCount "73"]
[GameId "2160767911610358"]
[EventDate "2001.03.04"]
[EventType "tourn"]
[EventRounds "5"]
[EventCountry "CAN"]
[SourceTitle "EXT 2005"]
[Source "ChessBase"]
[SourceDate "2004.11.15"]
[SourceVersion "1"]
[SourceVersionDate "2004.11.15"]
[SourceQuality "1"]

1. e4 c5 2. Nc3 Nc6 3. g3 g6 4. Bg2 Bg7 5. d3 d6 6. Nge2 e5 7. h4 h6 8. Be3 Nge7 9. Qd2 Nd4 10. O-O Be6 11. Nd1 Qd7 12. f3 Nxe2+ 13. Qxe2 O-O 14. c3 Kh7 15. Nf2 f5 16. f4 exf4 17. gxf4 Rae8 18. Qd2 b6 19. b3 d5 20. exd5 Bxd5 21. Rae1 Bf6 22. h5 gxh5 23. Bh3 Bb7 24. Ne4 Bh4 25. Re2 Rg8+ 26. Kh2 Qc7 27. Bf2 Bg5 28. Nxg5+ hxg5 29. Be1 g4 30. Bg2 Ng6 31. Bxb7 Qxb7 32. d4 cxd4 33. cxd4 Qd5 34. Re5 Nxe5 35. fxe5 Ref8 36. Bg3 Rg6 37. Qd3 1/2-1/2

[Event "Hull-ch1"]
[Site "Hull CAN"]
[Date "2001.03.19"]
[Round "1"]
[White "Laurin, Jacques"]
[Black "Thomann, Olivier"]
[Result "1/2-1/2"]
[WhiteElo "1999"]
[BlackElo "1800"]
[PlyCount "104"]
[GameId "2160767911610359"]
[EventDate "2001.03.04"]
[EventType "tourn"]
[EventRounds "5"]
[EventCountry "CAN"]
[SourceTitle "EXT 2005"]
[Source "ChessBase"]
[SourceDate "2004.11.15"]
[SourceVersion "1"]
[SourceVersionDate "2004.11.15"]
[SourceQuality "1"]

1. c4 e6 2. Nc3 Nf6 3. g3 d5 4. cxd5 exd5 5. Bg2 c6 6. e3 Bd6 7. Nge2 Bf5 8. a3 Nbd7 9. d4 O-O 10. O-O Nb6 11. b3 Qd7 12. Re1 Rfe8 13. Bb2 Re7 14. Nc1 Bh3 15. Bh1 Rae8 16. Nd3 Qf5 17. Ne2 g5 18. Nec1 Nbd7 19. Qf3 Qxf3 20. Bxf3 Ne4 21. g4 Ndf6 22. Ne5 Bxe5 23. dxe5 Nxg4 24. Bxg4 Bxg4 25. Kg2 Nd2 26. Kg3 Nf3 27. Rh1 Bh5 28. Nd3 Bg6 29. Kxf3 Bxd3 30. Kg4 h6 31. h4 Be2+ 32. f3 h5+ 33. Kxg5 Bxf3 34. Rhf1 Bg4 35. Rf6 Kg7 36. e6 fxe6 37. Rxe6+ Kf7 38. Rf6+ Kg8 39. Rg6+ Kf8 40. Rf1+ Rf7 41. Rxf7+ Kxf7 42. Rg7+ Ke6 43. Rxb7 Re7 44. Rb8 c5 45. Bf6 Rc7 46. Re8+ Kd7 47. Re7+ Kc6 48. Re8 Kd7 49. Rd8+ Kc6 50. Be5 Rd7 51. Rb8 Rb7 52. Ra8 Rxb3 1/2-1/2

[Event "Hull-ch1"]
[Site "Hull CAN"]
[Date "2001.03.13"]
[Round "2"]
[White "Arsenault, Michel"]
[Black "Thomann, Olivier"]
[Result "1/2-1/2"]
[WhiteElo "2055"]
[BlackElo "1800"]
[PlyCount "98"]
[GameId "2160767911610360"]
[EventDate "2001.03.04"]
[EventType "tourn"]
[EventRounds "5"]
[EventCountry "CAN"]
[SourceTitle "EXT 2005"]
[Source "ChessBase"]
[SourceDate "2004.11.15"]
[SourceVersion "1"]
[SourceVersionDate "2004.11.15"]
[SourceQuality "1"]

1. c4 e6 2. Nf3 Nf6 3. g3 d5 4. b3 Be7 5. Bg2 O-O 6. O-O c5 7. Bb2 Nc6 8. e3 Qb6 9. d3 dxc4 10. dxc4 Rd8 11. Qe2 Qc7 12. Nc3 a6 13. Ng5 e5 14. Nge4 Be6 15. Nxf6+ Bxf6 16. Nd5 Bxd5 17. cxd5 Ne7 18. Rfd1 Qd6 19. a4 Rab8 20. a5 b5 21. axb6 Rxb6 22. Ra3 Rdb8 23. Rda1 Ra8 24. Qc4 Rb4 25. Rxa6 Rxa6 26. Rxa6 Qb8 27. Qxb4 cxb4 28. d6 Nc8 29. Ra8 Qxa8 30. Bxa8 Nxd6 31. Bc6 Kf8 32. e4 Nc8 33. Kf1 Ke7 34. Bc1 Na7 35. Bd5 Nb5 36. Ke2 Kd6 37. Kd3 Kc5 38. Be3+ Nd4 39. Bxf7 Kb5 40. f4 Nf3 41. Be8+ Ka5 42. Ke2 exf4 43. gxf4 Nd4+ 44. Bxd4 Bxd4 45. e5 Kb6 46. Kd3 Bc3 47. Kc4 Kc7 48. Kd5 Kd8 49. Bb5 Ke7 1/2-1/2

[Event "Hull-ch1"]
[Site "Hull CAN"]
[Date "2001.03.13"]
[Round "2"]
[White "Cote, Jacques"]
[Black "Laurin, Jacques"]
[Result "1-0"]
[WhiteElo "2039"]
[BlackElo "1999"]
[PlyCount "87"]
[GameId "2160767911610361"]
[EventDate "2001.03.04"]
[EventType "tourn"]
[EventRounds "5"]
[EventCountry "CAN"]
[SourceTitle "EXT 2005"]
[Source "ChessBase"]
[SourceDate "2004.11.15"]
[SourceVersion "1"]
[SourceVersionDate "2004.11.15"]
[SourceQuality "1"]

1. e4 e6 2. d4 c5 3. d5 exd5 4. exd5 d6 5. Nf3 Nf6 6. Be2 Be7 7. Nc3 Na6 8. O-O O-O 9. h3 b6 10. Bf4 Nc7 11. a4 a6 12. Bc4 Rb8 13. Qd3 Bd7 14. Bxa6 Nxa6 15. Qxa6 Bc8 16. Qd3 Bb7 17. Rad1 Qd7 18. Rfe1 Rfe8 19. Ng5 h6 20. Nge4 Nh5 21. Bh2 f5 22. Ng3 Nxg3 23. Qxg3 g5 24. Nb5 f4 25. Qd3 Bf8 26. Qg6+ Qg7 27. Qxg7+ Kxg7 28. Nc7 Re7 29. Ne6+ Kf6 30. c4 h5 31. h4 Bh6 32. hxg5+ Bxg5 33. Bxf4 Bxf4 34. Nxf4 Re5 35. Rxe5 dxe5 36. Nxh5+ Kg6 37. Ng3 Rd8 38. Kf1 Kg5 39. Ke2 Bc8 40. Ke3 Bd7 41. b3 Be8 42. Rh1 Bg6 43. Ne4+ Kg4 44. f3+ 1-0

[Event "Hull-ch1"]
[Site "Hull CAN"]
[Date "2001.03.13"]
[Round "2"]
[White "Gagnon, Fabien"]
[Black "Danis, Jacques"]
[Result "1-0"]
[WhiteElo "2086"]
[BlackElo "1760"]
[PlyCount "87"]
[GameId "2160767911610362"]
[EventDate "2001.03.04"]
[EventType "tourn"]
[EventRounds "5"]
[EventCountry "CAN"]
[SourceTitle "EXT 2005"]
[Source "ChessBase"]
[SourceDate "2004.11.15"]
[SourceVersion "1"]
[SourceVersionDate "2004.11.15"]
[SourceQuality "1"]

1. d4 Nf6 2. Nf3 c5 3. e3 g6 4. Bd3 cxd4 5. exd4 Bg7 6. O-O d5 7. Nbd2 Nc6 8. c3 O-O 9. Re1 Nd7 10. Bb5 e6 11. Nb3 Qc7 12. Bg5 a6 13. Be2 b6 14. Qd2 Re8 15. Bh6 Nf6 16. Bxg7 Kxg7 17. Rad1 Bb7 18. Bd3 Nd7 19. Re2 a5 20. a4 Re7 21. Rde1 Rae8 22. Ne5 Ncxe5 23. dxe5 f5 24. exf6+ Nxf6 25. Bb5 Bc6 26. Bxc6 Qxc6 27. Qd4 Qc7 28. f4 Kf7 29. Nd2 Qc5 30. Nf3 Qxd4+ 31. cxd4 Ne4 32. Rc2 Rb8 33. Rec1 b5 34. Ne5+ Kf6 35. Nc6 Reb7 36. Nxb8 Rxb8 37. Rc8 Rb7 38. R1c7 Rxc7 39. Rxc7 Nd6 40. Rd7 Nf5 41. axb5 Nxd4 42. b6 Nc6 43. Rc7 Nb8 44. Rc8 1-0

[Event "Hull-ch1"]
[Site "Hull CAN"]
[Date "2001.03.20"]
[Round "3"]
[White "Danis, Jacques"]
[Black "Arsenault, Michel"]
[Result "0-1"]
[WhiteElo "1760"]
[BlackElo "2055"]
[PlyCount "52"]
[GameId "2160767911610363"]
[EventDate "2001.03.04"]
[EventType "tourn"]
[EventRounds "5"]
[EventCountry "CAN"]
[SourceTitle "EXT 2005"]
[Source "ChessBase"]
[SourceDate "2004.11.15"]
[SourceVersion "1"]
[SourceVersionDate "2004.11.15"]
[SourceQuality "1"]

1. e4 c5 2. d4 cxd4 3. c3 dxc3 4. Nxc3 a6 5. Nf3 e6 6. Be3 b5 7. Bd3 Bb7 8. O-O d6 9. Qe2 Nd7 10. Rfd1 Ngf6 11. a3 Be7 12. Rac1 O-O 13. b4 Qb8 14. h3 Rd8 15. Nd4 Ne5 16. f4 Nxd3 17. Qxd3 d5 18. e5 Ne4 19. Nb3 Rc8 20. Nxe4 dxe4 21. Qd7 Bf8 22. Rxc8 Qxc8 23. Bc5 Bd5 24. Qxc8 Rxc8 25. Bxf8 Bxb3 26. Rb1 Bc2 0-1

[Event "Hull-ch1"]
[Site "Hull CAN"]
[Date "2001.03.20"]
[Round "3"]
[White "Laurin, Jacques"]
[Black "Gagnon, Fabien"]
[Result "0-1"]
[WhiteElo "1399"]
[BlackElo "2086"]
[PlyCount "71"]
[GameId "2160767911610364"]
[EventDate "2001.03.04"]
[EventType "tourn"]
[EventRounds "5"]
[EventCountry "CAN"]
[SourceTitle "EXT 2005"]
[Source "ChessBase"]
[SourceDate "2004.11.15"]
[SourceVersion "1"]
[SourceVersionDate "2004.11.15"]
[SourceQuality "1"]

1. c4 g6 2. g3 Bg7 3. Bg2 e5 4. Nc3 Ne7 5. Nf3 Nbc6 6. e4 d6 7. Rb1 Bg4 8. h3 Be6 9. d3 Qd7 10. Be3 O-O 11. Ng5 Nd4 12. Nxe6 fxe6 13. O-O Rf7 14. h4 Raf8 15. Bh3 Nf3+ 16. Kg2 Nc6 17. Nd5 Ncd4 18. Bxd4 exd4 19. Nf4 Rxf4 20. gxf4 Rxf4 21. Rh1 Qf7 22. Kf1 Ne5 23. Rh2 Rf3 24. Qe2 Kh8 25. Rd1 Bh6 26. Bg2 Rf4 27. Rh3 Ng4 28. Kg1 Nxf2 29. Rf3 Nxd1 30. Qxd1 Qf6 31. Qf1 Qxh4 32. Rxf4 Bxf4 33. Qf3 Qe1+ 34. Bf1 Qe3+ 35. Kg2 Qxf3+ 36. Kxf3 0-1

[Event "Hull-ch1"]
[Site "Hull CAN"]
[Date "2001.03.20"]
[Round "3"]
[White "Thomann, Olivier"]
[Black "Cote, Jacques"]
[Result "1/2-1/2"]
[WhiteElo "1800"]
[BlackElo "2039"]
[PlyCount "82"]
[GameId "2160767911610365"]
[EventDate "2001.03.04"]
[EventType "tourn"]
[EventRounds "5"]
[EventCountry "CAN"]
[SourceTitle "EXT 2005"]
[Source "ChessBase"]
[SourceDate "2004.11.15"]
[SourceVersion "1"]
[SourceVersionDate "2004.11.15"]
[SourceQuality "1"]

1. e4 d6 2. d4 Nf6 3. Nc3 g6 4. Bc4 c6 5. a4 Bg7 6. Nf3 O-O 7. O-O Nxe4 8. Nxe4 d5 9. Bxd5 cxd5 10. Nc5 b6 11. Nd3 Ba6 12. Re1 Nc6 13. c3 Rc8 14. Bf4 e6 15. Nde5 f6 16. Nxc6 Rxc6 17. h4 h6 18. Qd2 g5 19. hxg5 hxg5 20. Bg3 Bc4 21. Qc2 a5 22. b4 axb4 23. cxb4 g4 24. Nh2 f5 25. Qd2 Qf6 26. b5 Rcc8 27. Be5 Qh6 28. Bf4 Qg6 29. a5 bxa5 30. Rxa5 Rf7 31. b6 Rb7 32. Bc7 Qf6 33. Qe3 f4 34. Qxe6+ Qxe6 35. Rxe6 g3 36. Nf3 Bxd4 37. Nxd4 Rcxc7 38. fxg3 fxg3 39. Rg6+ Kh7 40. Rxg3 Rxb6 41. Raa3 Rf7 1/2-1/2

[Event "Hull-ch1"]
[Site "Hull CAN"]
[Date "2001.03.27"]
[Round "4"]
[White "Arsenault, Michel"]
[Black "Cote, Jacques"]
[Result "1-0"]
[WhiteElo "2055"]
[BlackElo "2039"]
[PlyCount "51"]
[GameId "2160767911610366"]
[EventDate "2001.03.04"]
[EventType "tourn"]
[EventRounds "5"]
[EventCountry "CAN"]
[SourceTitle "EXT 2005"]
[Source "ChessBase"]
[SourceDate "2004.11.15"]
[SourceVersion "1"]
[SourceVersionDate "2004.11.15"]
[SourceQuality "1"]

1. c4 g6 2. g3 Bg7 3. Bg2 c6 4. Nc3 Nf6 5. e4 O-O 6. Nge2 e5 7. O-O Na6 8. h3 Re8 9. f4 Qb6+ 10. Kh2 exf4 11. gxf4 d6 12. Ng3 h5 13. d3 h4 14. Nge2 Nh5 15. f5 Be5+ 16. Kh1 gxf5 17. Bg5 fxe4 18. d4 Bg3 19. Nxe4 Rxe4 20. Bxe4 Bxh3 21. Rg1 Bf2 22. Bxh4+ Bxg1 23. Qxg1+ Kf8 24. Qg5 Re8 25. Qh6+ Ng7 26. Qh8# 1-0

[Event "Hull-ch1"]
[Site "Hull CAN"]
[Date "2001.03.27"]
[Round "4"]
[White "Danis, Jacques"]
[Black "Laurin, Jacques"]
[Result "1/2-1/2"]
[WhiteElo "1760"]
[BlackElo "1999"]
[PlyCount "130"]
[GameId "2160767911610367"]
[EventDate "2001.03.04"]
[EventType "tourn"]
[EventRounds "5"]
[EventCountry "CAN"]
[SourceTitle "EXT 2005"]
[Source "ChessBase"]
[SourceDate "2004.11.15"]
[SourceVersion "1"]
[SourceVersionDate "2004.11.15"]
[SourceQuality "1"]

1. e4 e6 2. d4 c5 3. d5 d6 4. c4 Be7 5. Nc3 Nf6 6. Bd3 exd5 7. exd5 Nbd7 8. Nf3 O-O 9. O-O Re8 10. Qc2 Bf8 11. Be3 g6 12. h3 Ne5 13. Nxe5 dxe5 14. Bg5 h6 15. Bd2 Kh7 16. f4 Bg7 17. f5 g5 18. g4 Kg8 19. Rae1 b6 20. Ne4 Bb7 21. Bc3 Nxe4 22. Bxe4 b5 23. cxb5 Bxd5 24. Rd1 Bxe4 25. Qxe4 Qb6 26. a4 Rad8 27. Kg2 Rd6 28. Rxd6 Qxd6 29. Rf2 Qb6 30. Rd2 a6 31. bxa6 Qxa6 32. a5 c4 33. Rc2 Qb5 34. Rd2 Rb8 35. Qd5 Qb7 36. Qxb7 Rxb7 37. a6 Ra7 38. Rd6 f6 39. Rc6 Kf7 40. Bb4 Ke8 41. Bc5 Kd7 42. Re6 Ra8 43. Kf3 Kc7 44. Ke4 Bf8 45. Kd5 Rb8 46. Rc6+ Kd7 47. Bxf8 Rxf8 48. Rxc4 Rb8 49. b4 Rb5+ 50. Ke4 Rb8 51. Kd3 Rb6 52. Kc3 Rxa6 53. Kb3 Kd6 54. b5 Ra1 55. Rc6+ Kd5 56. Rxf6 Rb1+ 57. Kc2 Rxb5 58. Rxh6 Ke4 59. f6 Rb7 60. Rg6 Kf4 61. Rg7 Rb8 62. Re7 Rf8 63. f7 Kg3 64. Rxe5 Kxh3 65. Rxg5 Rxf7 1/2-1/2

[Event "Hull-ch1"]
[Site "Hull CAN"]
[Date "2001.03.27"]
[Round "4"]
[White "Gagnon, Fabien"]
[Black "Thomann, Olivier"]
[Result "1-0"]
[WhiteElo "2086"]
[BlackElo "1800"]
[PlyCount "101"]
[GameId "2160767911610368"]
[EventDate "2001.03.04"]
[EventType "tourn"]
[EventRounds "5"]
[EventCountry "CAN"]
[SourceTitle "EXT 2005"]
[Source "ChessBase"]
[SourceDate "2004.11.15"]
[SourceVersion "1"]
[SourceVersionDate "2004.11.15"]
[SourceQuality "1"]

1. d4 d5 2. Nf3 Bf5 3. c4 c6 4. Nc3 e6 5. Bg5 Be7 6. Bxe7 Nxe7 7. e3 O-O 8. h4 Nd7 9. h5 h6 10. Nh4 Nf6 11. Nxf5 exf5 12. cxd5 Nexd5 13. Bd3 Ng4 14. Nxd5 Qxd5 15. Qf3 Qa5+ 16. Ke2 g6 17. a3 Rfe8 18. b4 Qb6 19. Kd2 Rad8 20. Kc3 c5 21. bxc5 Qa5+ 22. Kc2 Ne5 23. Qxb7 Qa4+ 24. Kd2 Nxd3 25. Kxd3 Rb8 26. Qd5 Rb3+ 27. Ke2 Rb2+ 28. Kf3 Qc2 29. Raf1 Qe2+ 30. Kg3 Qg4+ 31. Kh2 Qxh5+ 32. Kg1 Qg5 33. Qf3 Re4 34. Rh3 h5 35. Rg3 Rg4 36. Rc1 Qd8 37. Rxg4 hxg4 38. Qg3 Qa5 39. e4 fxe4 40. Qc3 Qb5 41. Qc4 Qb8 42. Qc3 Rb3 43. Qd2 Rd3 44. Qg5 Rxd4 45. c6 Qc7 46. Qxg4 Rd6 47. Qxe4 f5 48. Qc4+ Kg7 49. g3 Kf6 50. Qf4 g5 51. Qxd6+ 1-0

[Event "Hull-ch1"]
[Site "Hull CAN"]
[Date "2001.04.03"]
[Round "5"]
[White "Laurin, Jacques"]
[Black "Arsenault, Michel"]
[Result "1/2-1/2"]
[WhiteElo "1999"]
[BlackElo "2055"]
[PlyCount "64"]
[GameId "2160767911610369"]
[EventDate "2001.03.04"]
[EventType "tourn"]
[EventRounds "5"]
[EventCountry "CAN"]
[SourceTitle "EXT 2005"]
[Source "ChessBase"]
[SourceDate "2004.11.15"]
[SourceVersion "1"]
[SourceVersionDate "2004.11.15"]
[SourceQuality "1"]

1. c4 c5 2. g3 g6 3. Bg2 Bg7 4. Nc3 Nc6 5. e3 e6 6. Nge2 Nge7 7. d4 cxd4 8. exd4 d5 9. c5 b6 10. O-O bxc5 11. dxc5 Qa5 12. Na4 Ba6 13. Re1 O-O 14. Bd2 Qc7 15. Nf4 Rad8 16. Rc1 e5 17. Nh3 h6 18. Nc3 Rb8 19. Nxd5 Nxd5 20. Bxd5 Rfd8 21. Qf3 Nd4 22. Qe4 Rxd5 23. Qxd5 Rd8 24. Qe4 Bb7 25. c6 Bxc6 26. Rxc6 Qxc6 27. Qxc6 Nxc6 28. Bc3 Nd4 29. Kg2 f6 30. f4 Kf7 31. Nf2 exf4 32. gxf4 Ne6 1/2-1/2

[Event "Hull-ch1"]
[Site "Hull CAN"]
[Date "2001.04.03"]
[Round "5"]
[White "Thomann, Olivier"]
[Black "Danis, Jacques"]
[Result "1-0"]
[WhiteElo "1800"]
[BlackElo "1760"]
[PlyCount "85"]
[GameId "2160767911610370"]
[EventDate "2001.03.04"]
[EventType "tourn"]
[EventRounds "5"]
[EventCountry "CAN"]
[SourceTitle "EXT 2005"]
[Source "ChessBase"]
[SourceDate "2004.11.15"]
[SourceVersion "1"]
[SourceVersionDate "2004.11.15"]
[SourceQuality "1"]

1. e4 c5 2. Nc3 Nc6 3. f4 g6 4. Nf3 Bg7 5. g3 e6 6. Bg2 Nge7 7. O-O a6 8. d3 O-O 9. Be3 b6 10. Rb1 d5 11. Bf2 Bb7 12. e5 Qc7 13. Qe2 Rac8 14. Bh3 Rfe8 15. Ng5 Nd4 16. Bxd4 cxd4 17. Nxe6 fxe6 18. Bxe6+ Kh8 19. Bxc8 Rxc8 20. Nd1 b5 21. c3 dxc3 22. bxc3 Qc6 23. d4 Qe6 24. a4 Bc6 25. Rf2 Bd7 26. axb5 Bxb5 27. Qb2 h5 28. Ne3 Kh7 29. Qc2 Nf5 30. Nxf5 gxf5 31. h3 Qg6 32. Kh2 Kg8 33. Rg1 Qh7 34. Rgg2 Be8 35. Qa2 Bf7 36. Qxa6 Re8 37. Rb2 Be6 38. Rb6 Qh6 39. h4 Qg6 40. c4 Qf7 41. c5 Re7 42. Rb8+ Kh7 43. Ra8 1-0

[Event "Hull-ch1"]
[Site "Hull CAN"]
[Date "2001.04.17"]
[Round "5"]
[White "Cote, Jacques"]
[Black "Gagnon, Fabien"]
[Result "1/2-1/2"]
[WhiteElo "2039"]
[BlackElo "2086"]
[PlyCount "93"]
[GameId "2160767911610371"]
[EventDate "2001.03.04"]
[EventType "tourn"]
[EventRounds "5"]
[EventCountry "CAN"]
[SourceTitle "EXT 2005"]
[Source "ChessBase"]
[SourceDate "2004.11.15"]
[SourceVersion "1"]
[SourceVersionDate "2004.11.15"]
[SourceQuality "1"]

1. f4 d5 2. Nf3 g6 3. e3 Bg7 4. d4 Bg4 5. Nbd2 e6 6. Bd3 c5 7. h3 Bxf3 8. Nxf3 c4 9. Be2 Nf6 10. O-O Nbd7 11. Nd2 Qc7 12. c3 O-O 13. Bf3 a5 14. Qe1 b5 15. g4 Nb6 16. g5 Nfd7 17. Bg4 b4 18. Nf3 Qd6 19. cxb4 Qxb4 20. Bd2 Qxb2 21. Bxa5 Rfb8 22. Ne5 Bf8 23. a4 Be7 24. Rf2 Qxa1 25. Qxa1 Rxa5 26. Nc6 Rxa4 27. Nxe7+ Kf8 28. Ra2 Rxa2 29. Nxg6+ hxg6 30. Qxa2 Ra8 31. Qb1 Kg7 32. Bd1 c3 33. Qc1 Nc4 34. Qxc3 Ra3 35. Bb3 Ndb6 36. Qb4 Ra1+ 37. Kf2 Rb1 38. Qc3 Rh1 39. e4 Nd6 40. Kg2 Nxe4 41. Qc7 Rb1 42. Qxb6 Rb2+ 43. Kg1 Rb1+ 44. Kh2 Rb2+ 45. Kg1 Rb1+ 46. Kg2 Rb2+ 47. Kg1 1/2-1/2

[Event "Hull-ch2"]
[Site "Hull CAN"]
[Date "2001.03.06"]
[Round "1"]
[White "Papineau, Andre"]
[Black "Lacourse, Guy"]
[Result "1/2-1/2"]
[WhiteElo "1707"]
[BlackElo "1687"]
[PlyCount "66"]
[GameId "2160767911610335"]
[EventDate "2001.03.06"]
[EventType "tourn"]
[EventRounds "5"]
[EventCountry "CAN"]
[SourceTitle "EXT 2005"]
[Source "ChessBase"]
[SourceDate "2004.11.15"]
[SourceVersion "1"]
[SourceVersionDate "2004.11.15"]
[SourceQuality "1"]

1. d4 Nf6 2. Nf3 e6 3. c4 d5 4. g3 b6 5. Bg2 Bb7 6. O-O Be7 7. Nc3 O-O 8. cxd5 Nxd5 9. Nxd5 Bxd5 10. Bd2 c5 11. dxc5 Bxc5 12. Bc3 Nd7 13. b4 Be7 14. a3 Nf6 15. e3 Rc8 16. Rc1 a5 17. Bxf6 Rxc1 18. Qxc1 Bxf6 19. Rd1 Qa8 20. Ne1 Rc8 21. Qb1 Bxg2 22. Nxg2 Rd8 23. Rxd8+ Qxd8 24. bxa5 bxa5 25. a4 Bc3 26. Nf4 g6 27. Qd3 Qxd3 28. Nxd3 Kf8 29. Kf1 Ke7 30. Ke2 Kd6 31. e4 f5 32. f3 g5 33. g4 fxg4 1/2-1/2

[Event "Hull-ch2"]
[Site "Hull CAN"]
[Date "2001.03.13"]
[Round "1"]
[White "Lemieux, Richard"]
[Black "Rose, Richard"]
[Result "0-1"]
[WhiteElo "1782"]
[BlackElo "1771"]
[PlyCount "122"]
[GameId "2160767911610336"]
[EventDate "2001.03.06"]
[EventType "tourn"]
[EventRounds "5"]
[EventCountry "CAN"]
[SourceTitle "EXT 2005"]
[Source "ChessBase"]
[SourceDate "2004.11.15"]
[SourceVersion "1"]
[SourceVersionDate "2004.11.15"]
[SourceQuality "1"]

1. e4 c5 2. d4 cxd4 3. c3 dxc3 4. Nxc3 d6 5. Bc4 Nf6 6. Bg5 Nc6 7. Qb3 Ne5 8. Bxf6 gxf6 9. Bb5+ Bd7 10. f4 Nc6 11. Nf3 Bg7 12. Rd1 O-O 13. h4 a6 14. Bd3 b5 15. h5 h6 16. f5 e6 17. g4 Qb6 18. Ke2 b4 19. Na4 Qa7 20. Bc2 exf5 21. gxf5 Bxf5 22. exf5 Rfe8+ 23. Kd2 Qf2+ 24. Kc1 Re3 25. Rhf1 Qe2 26. Rfe1 Rxb3 27. Rxe2 Rxf3 28. Be4 Rf4 29. Rxd6 Rc8 30. Rxc6 Rxc6+ 31. Bxc6 Rxf5 32. Re8+ Bf8 33. Be4 Rxh5 34. Nb6 Re5 35. Rxf8+ Kxf8 36. Nd7+ Ke7 37. Nxe5 fxe5 38. Kc2 Ke6 39. Kb3 f5 40. Bh1 e4 41. Kxb4 Ke5 42. Ka5 Kf4 43. Kxa6 e3 44. b4 e2 45. b5 e1=Q 46. Bd5 Qe5 47. Bc6 Qc7 48. a4 Ke5 49. a5 Kd6 50. Bh1 Kc5 51. b6 Qb8 52. b7 f4 53. Bf3 Qc7 54. Bh1 Kb4 55. Ka7 Qxa5+ 56. Kb8 Kc4 57. Kc8 Qa6 58. Kc7 Qa7 59. Kd6 Kd4 60. Ke6 Ke3 61. Kf5 f3 0-1

[Event "Hull-ch2"]
[Site "Hull CAN"]
[Date "2001.03.13"]
[Round "2"]
[White "Lafontaine, Claude"]
[Black "Roy, Roger"]
[Result "1-0"]
[WhiteElo "1665"]
[BlackElo "1713"]
[PlyCount "41"]
[GameId "2160767911610337"]
[EventDate "2001.03.06"]
[EventType "tourn"]
[EventRounds "5"]
[EventCountry "CAN"]
[SourceTitle "EXT 2005"]
[Source "ChessBase"]
[SourceDate "2004.11.15"]
[SourceVersion "1"]
[SourceVersionDate "2004.11.15"]
[SourceQuality "1"]

1. d4 Nf6 2. c4 e6 3. Nc3 d5 4. Bg5 Be7 5. Nf3 c6 6. e3 Ne4 7. Bxe7 Qxe7 8. Qc2 f5 9. cxd5 exd5 10. Nxd5 Qd8 11. Nc3 Qa5 12. Bd3 O-O 13. Qb3+ Kh8 14. Bxe4 fxe4 15. Ne5 Qc7 16. Nxe4 Bf5 17. Ng5 Qa5+ 18. Kd1 Nd7 19. Nef7+ Kg8 20. Nh6+ Kh8 21. Qg8+ 1-0

[Event "Hull-ch2"]
[Site "Hull CAN"]
[Date "2001.03.13"]
[Round "2"]
[White "Lemieux, Richard"]
[Black "Lafontaine, Claude"]
[Result "1-0"]
[WhiteElo "1782"]
[BlackElo "1665"]
[PlyCount "59"]
[GameId "2160767911610338"]
[EventDate "2001.03.06"]
[EventType "tourn"]
[EventRounds "5"]
[EventCountry "CAN"]
[SourceTitle "EXT 2005"]
[Source "ChessBase"]
[SourceDate "2004.11.15"]
[SourceVersion "1"]
[SourceVersionDate "2004.11.15"]
[SourceQuality "1"]

1. e4 e5 2. Bc4 f5 3. Bxg8 Rxg8 4. exf5 Qg5 5. g4 Qf4 6. d3 Qd4 7. c3 Qd5 8. Nf3 e4 9. dxe4 Qxe4+ 10. Qe2 Qxe2+ 11. Kxe2 d6 12. Re1 Be7 13. Kf1 Kf7 14. Ng5+ Bxg5 15. Bxg5 Nc6 16. h3 h6 17. Bh4 Bd7 18. Nd2 Rae8 19. Nf3 Ne7 20. Rxe7+ Rxe7 21. Bxe7 Bb5+ 22. Kg1 Kxe7 23. Re1+ Kd8 24. Nd4 Bc4 25. b3 Bf7 26. f4 c5 27. Nb5 Kd7 28. c4 d5 29. cxd5 Bxd5 30. Rd1 1-0

[Event "Hull-ch2"]
[Site "Hull CAN"]
[Date "2001.03.13"]
[Round "2"]
[White "Rose, Richard1"]
[Black "Lacourse, Guy"]
[Result "1/2-1/2"]
[WhiteElo "1771"]
[BlackElo "1688"]
[PlyCount "68"]
[GameId "2160767911610339"]
[EventDate "2001.03.06"]
[EventType "tourn"]
[EventRounds "5"]
[EventCountry "CAN"]
[SourceTitle "EXT 2005"]
[Source "ChessBase"]
[SourceDate "2004.11.15"]
[SourceVersion "1"]
[SourceVersionDate "2004.11.15"]
[SourceQuality "1"]

1. e4 c5 2. Nf3 d6 3. d4 cxd4 4. Nxd4 Nf6 5. Nc3 a6 6. a4 e6 7. Be2 Be7 8. O-O O-O 9. f4 Qc7 10. f5 e5 11. Nb3 Nbd7 12. Be3 b6 13. Bf3 Bb7 14. g4 Nc5 15. Nxc5 dxc5 16. g5 Rfd8 17. Qe2 Ne8 18. Nd5 Bxd5 19. exd5 Nd6 20. Bg2 f6 21. gxf6 Bxf6 22. c4 a5 23. Rad1 Ra7 24. b3 Qe7 25. Qg4 Kf8 26. Rf3 Nf7 27. Rh3 h6 28. Rh5 Ke8 29. h4 Kd7 30. Qf3 Qd6 31. Bf2 Re8 32. Re1 Kc8 33. Qe4 Rae7 34. Rd1 Kb8 1/2-1/2

[Event "Hull-ch2"]
[Site "Hull CAN"]
[Date "2001.03.13"]
[Round "2"]
[White "Roy, Roger"]
[Black "Papineau, Andre"]
[Result "0-1"]
[WhiteElo "1713"]
[BlackElo "1707"]
[PlyCount "80"]
[GameId "2160767911610340"]
[EventDate "2001.03.06"]
[EventType "tourn"]
[EventRounds "5"]
[EventCountry "CAN"]
[SourceTitle "EXT 2005"]
[Source "ChessBase"]
[SourceDate "2004.11.15"]
[SourceVersion "1"]
[SourceVersionDate "2004.11.15"]
[SourceQuality "1"]

1. d4 Nf6 2. c4 c5 3. d5 b5 4. cxb5 a6 5. g3 d6 6. Bg2 axb5 7. e4 g6 8. Ne2 Bg7 9. O-O O-O 10. Qc2 Ba6 11. Nd2 Nbd7 12. Nf3 b4 13. Re1 Qb6 14. h3 Rfb8 15. Be3 b3 16. axb3 Qxb3 17. Qxb3 Rxb3 18. Nc3 Rxb2 19. Bf1 Bb7 20. Rxa8+ Bxa8 21. Ra1 Rb8 22. Ra7 Bb7 23. Nd2 Ng4 24. hxg4 Bxc3 25. Nc4 Bc8 26. g5 Kf8 27. Kh2 Ne5 28. Nxe5 Bxe5 29. Rc7 Bg4 30. Bh3 Bf3 31. Bg2 Be2 32. f4 Bd4 33. Bxd4 cxd4 34. Rc2 d3 35. Ra2 Rc8 36. Kg1 Rc2 37. Ra8+ Kg7 38. Bf1 Bxf1 39. Kxf1 Rc1+ 40. Kf2 d2 0-1

[Event "Hull-ch2"]
[Site "Hull CAN"]
[Date "2001.03.20"]
[Round "3"]
[White "Lacourse, Guy"]
[Black "Roy, Roger"]
[Result "0-1"]
[WhiteElo "1687"]
[BlackElo "1713"]
[PlyCount "86"]
[GameId "2160767911610341"]
[EventDate "2001.03.06"]
[EventType "tourn"]
[EventRounds "5"]
[EventCountry "CAN"]
[SourceTitle "EXT 2005"]
[Source "ChessBase"]
[SourceDate "2004.11.15"]
[SourceVersion "1"]
[SourceVersionDate "2004.11.15"]
[SourceQuality "1"]

1. d4 Nf6 2. Nf3 d5 3. c4 e6 4. Bg5 Be7 5. Nc3 c6 6. e3 Nbd7 7. Rc1 h6 8. Bxf6 Nxf6 9. Be2 O-O 10. O-O Bd7 11. Qc2 Rc8 12. a3 dxc4 13. Bxc4 b5 14. Bd3 c5 15. dxc5 Bxc5 16. b4 Bb6 17. Qb1 a6 18. Ne4 Bc6 19. Ne5 Bxe4 20. Bxe4 Rxc1 21. Rxc1 Nxe4 22. Qxe4 Qd2 23. Qc6 Bxe3 24. Rf1 Bxf2+ 25. Rxf2 Qe1+ 26. Rf1 Qxe5 27. Qxa6 Qe3+ 28. Kh1 Qe2 29. Rg1 Rd8 30. h3 Rd3 31. Kh2 g5 32. a4 Qf2 33. Kh1 Qf5 34. Kh2 bxa4 35. Qxa4 Qf4+ 36. g3 Qf3 37. Rg2 Rd1 38. Qa7 Qf1 39. Qg1 Qxg1+ 40. Rxg1 Rxg1 41. Kxg1 Kf8 42. Kf2 Ke7 43. Ke3 Kd6 0-1